00369nam a2200133Ia 4500020001800000082001900018100002000037245005100057250000800108260002800116300001000144650006100154700002000215 a0-333-37261-1 aRR 004.03 MAC- aLongley, Dennis 0aMacmillan dictionary of information technology a2nd aLondonbMacmillanc1985 a380p. aInformation storage and retrieval systems - Dictionaries aShain, Michael